000 00590nam a22002177a 4500
003 OSt
005 20140310182908.0
008 130128t xxu||||| |||| 00| 0 eng d
020 _a9789712345838
050 _aHF5547.5
_b.D278 2006
082 _aFIL 651
_bD36 2006
245 _aThe secretary for the corporate world :
_cDe Guzman, Dionisia G.
_bwith workbook
260 _aManila
_bRex Bookstore
_cc2006
300 _a322 p.
_c22.2 cm.
521 _acollege students
526 _c1210L-1700L
541 _j1
541 _j2
562 _e2
942 _2lcc
_cBK
_kFIL
999 _c17184
_d17184